Missing Word: Beatles Songs (A-Z) Quiz Stats

 Plays Quiz Updated Jun 5, 2012

Support Sporcle.
Go Orange.
Score 0/22 Timer 04:00
4 Plays Today
Song Missing Word % Correct
Let ______ BeIt
97.4%
Eight ______ a WeekDays
97.3%
______ SubmarineYellow
97.3%
I Want to ______ Your HandHold
97.3%
Twist and ______Shout
95.1%
A Hard Day's ______Night
94.9%
I ______ the WalrusAm
94.8%
______ RigbyEleanor
86.4%
______ MadonnaLady
82%
Across the ______Universe
76.1%
______ ______ MePlease
70.7%
Song Missing Word % Correct
All ______ NowTogether
56.1%
Blue ______ WayJay
55.7%
______ Silver HammerMaxwell's
54.7%
I'll ______ the SunFollow
53.6%
Carry That ______Weight
53.1%
______ Baby ______Cry
52.2%
Being for the Benefit of Mr. ______Kite
48.5%
______ SlumbersGolden
42.7%
Glass ______Onion
41.5%
Doctor ______Robert
28.8%
For You ______Blue
24.9%

Today's Daily Dose

Quick Pick
Nissan Models

Get the Picture
Amazing Trees

From the Vault

Tiny Almost Useless Trivia VI

by sproutcm

This trivia is so tiny you'll have to squint to see it!
Remove Ads.
Support Sporcle.
Get the best of Sporcle when you Go Orange. This ad-free experience offers more features, more stats, and more fun while also helping to support Sporcle. Thank you for becoming a member.

Show Comments

Extras

Top Quizzes Today


Score Distribution

Your Account Isn't Verified!

In order to create a playlist on Sporcle, you need to verify the email address you used during registration. Go to your Sporcle Settings to finish the process.

Report this User

Report this user for behavior that violates our Community Guidelines.

Details: